=LDR 00000nam 2200000 4500 =001 INLIS000000000017534 =005 20130612112738 =008 ***********************************Ind** =035 ##$$0010-061300000017534 =041 ##$$a Ind =082 ##$$a 691.3 =090 ##$$a 691.3, Gur b =100 ##$$a Gurki, J. Thambah Sembiring =245 ##$$a Beton bertulang, J. Thambah Sembiring Gurki =260 ##$$a 2003 $b Bandung =300 ##$$a vi, 281 hlm, 2003 =650 ##$$a Beton Bertulang =850 ##$$a NBPNMAT =990 ##$$a 96919691 =990 ##$$a 01201709691 =990 ##$$a 20602276